| 000 | 01173nam a22004210a 4500 | ||
|---|---|---|---|
| 001 | PT41530 | ||
| 003 | AR-LpoUNG | ||
| 005 | 20210131230845.0 | ||
| 008 | 191001s1997||||ag |||||||||||||||||spa d | ||
| 040 |
_aAR-LpoUNG _bspa _cAR-LpoUNG _eaacr |
||
| 041 | _aspa | ||
| 044 | _aag | ||
| 082 | 0 | _a982.063 354int | |
| 100 | 1 | _aAlconada Aramburú, Carlos R.S. | |
| 245 | 1 | 0 |
_aDel integralismo a la democracia : _bAramburú y la reconstrucción institucional de 1957-1958 |
| 250 | _a1§ edición | ||
| 260 |
_aBuenos Aires : _bFundación Alejandro Romay, _c1997. |
||
| 300 |
_a110 p. : _bil., gráfs. |
||
| 650 | 4 | _aANALISIS HISTORICO | |
| 650 | 4 | _aASPECTOS ECONOMICOS | |
| 650 | 4 | _aASPECTOS POLITICOS | |
| 650 | 4 | _aCONSTITUCIONES | |
| 650 | 4 | _aDEMOCRACIA | |
| 650 | 4 | _aDEMOCRATIZACION | |
| 650 | 4 | _aDERECHO CONSTITUCIONAL | |
| 650 | 4 | _aDERECHOS CIVILES | |
| 650 | 4 | _aJEFES DE ESTADO | |
| 650 | 4 | _aLEGISLACION | |
| 650 | 4 | _aLIBERTAD | |
| 650 | 4 | _aPODER LEGISLATIVO | |
| 650 | 4 | _aPOLITICA | |
| 650 | 4 | _aREFORMA CONSTITUCIONAL | |
| 651 | 4 | _aArgentina | |
| 653 | _aPERONISMO | ||
| 653 | _aUNION CIVICA RADICAL | ||
| 905 | _a41530 | ||
| 942 | _cLIB | ||
| 999 |
_c6553 _d6553 |
||